00361nam a2200133Ia 4500008004100000020001800041082001300059100001200072245007300084250000600157260002500163500002500188650001400213230524s9999 xx 000 0 und d a7980070087699 a670bRAO aP N Rao 0a"Manufacturing Technology Volume-1, (Foundry, Forming and Welding)" a3 aNew DelhibTMHc2010 aQuantity Number: 70 aMechanics